Fundamentals of Electric Circuits (Record no. 589906)

000 -LEADER
fixed length control field 00458nam a22001577a 4500
020 ## - INTERNATIONAL STANDARD BOOK NUMBER
International Standard Book Number 9781259098598
040 ## - CATALOGING SOURCE
Transcribing agency NUST
082 ## - DEWEY DECIMAL CLASSIFICATION NUMBER
Classification number 621.31924 ALE
100 ## - MAIN ENTRY--PERSONAL NAME
Personal name Alexandar, Charles k.
9 (RLIN) 91771
110 ## - MAIN ENTRY--CORPORATE NAME
Corporate name or jurisdiction name as entry element Sadiku, Mathew N.O.
9 (RLIN) 91772
245 ## - TITLE STATEMENT
Title Fundamentals of Electric Circuits
250 ## - EDITION STATEMENT
Edition statement 5th Edition
260 ## - PUBLICATION, DISTRIBUTION, ETC.
Place of publication, distribution, etc. New Delhi:
Name of publisher, distributor, etc. McGraw Hill Education,
Date of publication, distribution, etc. 2016.
650 ## - SUBJECT ADDED ENTRY--TOPICAL TERM
Topical term or geographic name entry element DEE-TEXTBOOK.FUNDAMENTALS OF ELECTRIC CIRCUITS
9 (RLIN) 91773
942 ## - ADDED ENTRY ELEMENTS (KOHA)
Source of classification or shelving scheme
Koha item type Text Books
Holdings
Withdrawn status Lost status Source of classification or shelving scheme Damaged status Not for loan Permanent Location Current Location Shelving location Date acquired Total Checkouts Full call number Barcode Date last seen Price effective from Koha item type
          College of Electrical & Mechanical Engineering (CEME) College of Electrical & Mechanical Engineering (CEME) Text Books 05/24/2022   621.31924 ALE CEME-48199 05/24/2022 05/24/2022 Reference
          College of Electrical & Mechanical Engineering (CEME) College of Electrical & Mechanical Engineering (CEME) Text Books 05/24/2022   621.31924 ALE CEME-48200 05/24/2022 05/24/2022 Reference
          College of Electrical & Mechanical Engineering (CEME) College of Electrical & Mechanical Engineering (CEME) Text Books 05/24/2022   621.31924 ALE CEME-48201 05/24/2022 05/24/2022 Reference
          College of Electrical & Mechanical Engineering (CEME) College of Electrical & Mechanical Engineering (CEME) Text Books 05/24/2022   621.31924 ALE CEME-48202 05/24/2022 05/24/2022 Reference
          College of Electrical & Mechanical Engineering (CEME) College of Electrical & Mechanical Engineering (CEME) Text Books 05/24/2022   621.31924 ALE CEME-48203 05/24/2022 05/24/2022 Reference
© 2023 Central Library, National University of Sciences and Technology. All Rights Reserved.